00000000nam 2200000zi 4500
0019.944337
003CaOODSP
00520250129151136
006m     o  d f      
007cr mn|||||||||
008241022e202412##quca    obs  f000 0 eng d
020 |a9780660741048
040 |aCaOODSP|beng|erda|cCaOODSP
043 |an-cn---
045 |ay1y2
0861 |aEn4-144/65-2024E-PDF
24500|aCanadian environmental sustainability indicators : |binvasive alien species in Canada.
24610|aInvasive alien species in Canada
250 |a[December 2024 edition].
264 1|aGatineau QC : |bEnvironment and Climate Change Canada = Environnement et changement climatique Canada, |cDecember 2024.
264 4|c©2024
300 |a1 online resource (11 pages) : |bcolour illustration
336 |atext|btxt|2rdacontent
337 |acomputer|bc|2rdamedia
338 |aonline resource|bcr|2rdacarrier
500 |aIssued also in French under title: Indicateurs canadiens de durabilité de l'environnement : espèces exotiques envahissants au Canada.
500 |a"Project code: EC24019"--Page 2.
504 |aIncludes bibliographical references.
520 |a"Plants, animals and microorganisms that have moved beyond their native range to a non-native ecosystem are known as alien species. When the introduction and spread of alien species threaten the new environment, economy or society (including human health), they are considered invasive. Invasive alien species can cause environmental and economic damage to our waterways, food supply and natural resources. For the purposes of this indicator, species are considered "established" when a reproducing population exists in Canada and eradication efforts have been abandoned. They are also considered "regulated" only if regulatory measures are federal in scope. This indicator reports the number of federally regulated invasive alien species that have become established in Canada since 2012"--Page 4.
650 0|aIntroduced organisms|zCanada|vStatistics.
650 0|aEnvironmental indicators|zCanada.
655 7|aStatistics|2lcgft
7101 |aCanada. |bEnvironment and Climate Change Canada, |eissuing body.
77508|tIndicateurs canadiens de durabilité de l'environnement : |w(CaOODSP)9.944339
795 |tCanadian environmental sustainability indicators : |b(February 2017)|w(CaOODSP)9.816912
85640|qPDF|s395 KB|uhttps://publications.gc.ca/collections/collection_2025/eccc/en4/En4-144-65-2024-eng.pdf
8564 |qHTML|sN/A|uhttps://www.canada.ca/en/environment-climate-change/services/environmental-indicators/invasive-alien-species.html
986 |aEC24019